=LDR 00000nam 2200000 4500 =001 INLIS000000000051943 =005 20180115112329 =035 ##$$a 0010-0118000131 =007 ta =008 180115###########################0###### =020 ##$$a 978 - 602 - 317 - 225 - 2 =082 ##$$a 028.5 =084 ##$$a 028.5 EVA p =100 #$$a Eva Vachira =245 1#$$a Petualangan seru 5 sekawan di dunia dinosaurus /$c Eva Vachira =260 ##$$a Surakarta :$b Visi Mandiri,$c 2016 =300 ##$$a 120 hlm. : $b ilus ; $c 24 cm. =650 ##$$a Bacaan anak - anak =700 #$$a Tin Zulaeha =990 ##$$a 06940694 =990 ##$$a 06940694 =990 ##$$a 06940694 =990 ##$$a 06940694 =990 ##$$a 06940694 =990 ##$$a 21705396 =990 ##$$a 01201800694 =990 ##$$a 01201800695 =990 ##$$a 01201800696 =990 ##$$a 01201800697 =990 ##$$a 21705397 =990 ##$$a 01201800694 =990 ##$$a 01201800695 =990 ##$$a 01201800696 =990 ##$$a 21705396 =990 ##$$a 21705398 =990 ##$$a 01201800694 =990 ##$$a 01201800695 =990 ##$$a 21705397 =990 ##$$a 21705396 =990 ##$$a 21705399 =990 ##$$a 01201800694 =990 ##$$a 21705398 =990 ##$$a 21705397 =990 ##$$a 21705396 =990 ##$$a 21705400 =990 ##$$a 21705399 =990 ##$$a 21705398 =990 ##$$a 21705397 =990 ##$$a 21705396